| 000 | 00358nam a2200121Ia 4500 | ||
|---|---|---|---|
| 008 | 210430s9999 xx 000 0 und d | ||
| 082 | _a621.75 K459T | ||
| 100 |
_aR.S.Khurmi, J. K. Gupta _9127821 |
||
| 245 | 2 |
_aA Textbook of Workshop Technology Manufacturing Processes / _cR.S.Khurmi |
|
| 260 |
_aIndia _bS.Chand _c1981 |
||
| 300 | _a551 p | ||
| 942 |
_cBK _2ddc |
||
| 999 |
_c564914 _d564914 |
||